000 01017cam a2200289 a 4500
999 _c2777
_d2777
001 4945176
003 GZU
005 20201106084052.0
008 960723s1997 nyuab b 001 0 eng
010 _a 96033112
020 _a0673982572
040 _aDLC
_cDLC
_dDLC
043 _aew-----
050 0 0 _aJN94
_bW57 1996
082 0 0 _a320.3/094
_220
245 0 0 _aWestern European government and politics /
_cMichael Curtis, general editor ; Giuseppe Ammendola ... [et al.].
260 _aNew York :
_bLongman,
_cc1997.
300 _axxi, 442 p. :
_bill., maps ;
_c24 cm.
504 _aIncludes bibliographical references and index.
650 0 _aComparative government.
651 0 _aEurope, Western
_xPolitics and government.
700 1 _aCurtis, Michael,
_d1923-
700 1 _aAmmendola, Giuseppe,
_d1957-
906 _a7
_bcbc
_corignew
_d1
_eocip
_f19
_gy-gencatlg
942 _2lcc
_cBK
_h94
_iWES
_kJN
_m1996